| 000 | 00338cam a22001217a 4500 | ||
|---|---|---|---|
| 008 | 180718b2003 xxu||||| |||| 00| 0 eng d | ||
| 020 | _a81 8143 059 x | ||
| 082 | _aA99x54 R531 | ||
| 245 |
_aGuru ravidas: vani avam mahatv _cedited by Meera Gautam |
||
| 260 |
_aNew Delhi _bVani Prakashan _c2003 |
||
| 300 | _a427p. | ||
| 700 | _aGautam, Meera | ||
| 999 |
_c439008 _d439008 |
||